| 000 | 00635 a2200205 4500 | ||
|---|---|---|---|
| 020 | _a0534524346 | ||
| 020 | _a9780534524340 | ||
| 082 | 0 | 4 | _a520 |
| 090 |
_c792 _d792 |
||
| 100 | 1 | _aSeeds, Michael. | |
| 245 | 1 | 0 |
_aHorizons : _bexploring the universe / _cMichael Seeds. |
| 250 | _a5th/Bk&CD ed. | ||
| 260 |
_a[S.l.] : _bWadsworth Pub Co, _c1997. |
||
| 300 |
_a459 p. ; _c28 cm. |
||
| 490 | 1 | _aAstronomy series. | |
| 700 | _aSeeds, Michael. | ||
| 830 | 0 | _aAstronomy series. | |
| 942 |
_aSNS _cBK _k520 SEE |
||
| 999 |
_c29417 _d29417 |
||